000 00672nam a2200241Ia 4500
005 20260430150349.0
008 008 250103s9999 xx 000 0 eng d
037 _aTheses
040 _aCRL
040 _beng
040 _ceng
041 _2eng
041 _aeng
084 _qCRL
100 _aSharma Saket Au.; Mittal Raman Gu.
_91237266
245 0 _aInterface Between Competition law and intellectual property rights: A Comparative Study with Reference to India, Eu and US
260 _c2023
300 _a231p.
650 _aLaw
700 _aUniversity of Delhi. Faculty of Arts. Deptt.of Law
_91237267
942 _cTH
999 _c1849606
_d1849606